Las mil caras del diablo : cuentos, leyendas y tradiciones / (Registro nro. 4479)

Detalles MARC
000 -LEADER
fixed length control field 01353nam a2200337Ia 4500
003 - CONTROL NUMBER IDENTIFIER
control field OSt
005 - DATE AND TIME OF LATEST TRANSACTION
control field 20250718113040.0
008 - FIXED-LENGTH DATA ELEMENTS--GENERAL INFORMATION
fixed length control field 191128s9999 xx 000 0 und d
020 ## - INTERNATIONAL STANDARD BOOK NUMBER
International Standard Book Number 8426130720
040 ## - CATALOGING SOURCE
Original cataloging agency CO-JMCR
Transcribing agency CO-JMCR
041 ## - LANGUAGE CODE
Language code of text/sound track or separate title spa
082 ## - DEWEY DECIMAL CLASSIFICATION NUMBER
Classification number J-C
Item number PRAm
100 ## - MAIN ENTRY--PERSONAL NAME
Personal name Prada Samper, José Manuel de,
Relator term autor
9 (RLIN) 4765
245 #0 - TITLE STATEMENT
Title Las mil caras del diablo : cuentos, leyendas y tradiciones /
245 #0 - TITLE STATEMENT
Statement of responsibility, etc. José Manuel de Prada Samper ; ilustraciones de Luis Filella
250 ## - EDITION STATEMENT
Edition statement Segunda edición
260 ## - PUBLICATION, DISTRIBUTION, ETC.
Place of publication, distribution, etc. Barcelona
260 ## - PUBLICATION, DISTRIBUTION, ETC.
Name of publisher, distributor, etc. Juventud
260 ## - PUBLICATION, DISTRIBUTION, ETC.
Date of publication, distribution, etc. 2004
300 ## - PHYSICAL DESCRIPTION
Extent 246 páginas, [6] hojas de láminas
300 ## - PHYSICAL DESCRIPTION
Other physical details ilustraciones
300 ## - PHYSICAL DESCRIPTION
Dimensions 25 cm
440 ## - SERIES STATEMENT/ADDED ENTRY--TITLE
Title Cuentos universales
9 (RLIN) 4766
500 ## - GENERAL NOTE
General note Bibliografía: páginas 242-246
505 ## - FORMATTED CONTENTS NOTE
Formatted contents note En el principio -- El pacto peligroso -- El embaucador embaucado -- Una pareja indeseable -- El insolito bienhechor -- El combate desigual -- El gran enemigo -- Encuentros
520 ## - SUMMARY, ETC.
Summary, etc. A lo lago de sus milenios de historia, el diablo ha recibido muchos nombres: príncipe de las tinieblas, maligno, satanás, lucifer, por sólo citar unos cuantos. Su presencia en el arte, la literatura y la teología es de sobra conocida.
546 ## - LANGUAGE NOTE
Language note spa
650 ## - SUBJECT ADDED ENTRY--TOPICAL TERM
Topical term or geographic name entry element Cuentos y leyendas
9 (RLIN) 4767
700 ## - ADDED ENTRY--PERSONAL NAME
Personal name Filella, Luis,
Relator term ilustrador
9 (RLIN) 4768
942 ## - ADDED ENTRY ELEMENTS (KOHA)
Source of classification or shelving scheme Dewey Decimal Classification
Koha item type Books
Existencias
Withdrawn status Lost status Source of classification or shelving scheme Damaged status Not for loan Collection code Home library Current library Date acquired Cost, normal purchase price Total Checkouts Total Renewals Full call number Barcode Date last seen Date last checked out Copy number Koha item type
    Dewey Decimal Classification     Fiction Biblioteca Pública José María del Castillo y Rada Biblioteca Pública José María del Castillo y Rada 11/28/2019 0.00 23 3 J-C PRAm 201809350 04/22/2026 04/13/2026 Ej.1 Books